Top Apricot Producing Countries - Statistics

General Stats
  • This quiz has been taken 69 times
  • The average score is 14 of 20
Answer Stats
Hint Tonnes Answer % Correct
18 58,035 China
89%
3 266,372 Italy
86%
7 162,872 Spain
86%
11 112,538 Greece
82%
1 985,000 Turkey
80%
5 239,712 Iran
77%
8 148,500 France
75%
17 58,551 Russia
75%
4 256,890 Algeria
70%
10 112,538 Morocco
70%
12 96,226 Egypt
68%
14 86,800 Japan
66%
16 63,723 Syria
66%
20 41,320 Serbia
61%
6 178,957 Pakistan
59%
15 86,680 Ukraine
59%
2 532,565 Uzbekistan
57%
9 131,816 Afghanistan
52%
13 87,320 Armenia
52%
19 48,374 Turkmenistan
52%
No matching quizzes found
Score Distribution
Percent of People with Each Score
Percentile by Number Answered
Your Score History
You have not taken this quiz